| 000 | 00646nam a2200217 a 4500 | ||
|---|---|---|---|
| 005 | 20240925064839.0 | ||
| 008 | 161031s1994 es r 000 0 spa d | ||
| 020 | _a8477541930 | ||
| 035 | _aUPN01000214384 | ||
| 049 | _aCG | ||
| 050 | 4 |
_aHV5801 _bO8.3 |
|
| 100 | 1 |
_aOtero-López, José Manuel _939951 |
|
| 245 | 1 | 0 |
_aDroga y delincuencia : _bconcepto, medida y estado actual del conocimiento / _cJosé Manuel Otero. |
| 260 |
_aMadrid : _bEudema, _c1994. |
||
| 300 |
_a199 p. : _btablas |
||
| 440 | 0 | _aPsicología jurídica | |
| 650 | 4 |
_aAbuso de drogas _9242 |
|
| 650 | 2 |
_aProblemas sociales _96247 |
|
| 905 | _aLibro | ||
| 999 |
_c186484 _d186484 |
||